An interpretation of Jain ethics. (Record no. 37321)

MARC details
000 -LEADER
fixed length control field 00422cam a22001697 4500
001 - CONTROL NUMBER
control field ltf90003137
003 - CONTROL NUMBER IDENTIFIER
control field DLC
005 - DATE AND TIME OF LATEST TRANSACTION
control field 20260227111550.0
008 - FIXED-LENGTH DATA ELEMENTS--GENERAL INFORMATION
fixed length control field 901025s1929 ii 000 0 eng
010 ## - LIBRARY OF CONGRESS CONTROL NUMBER
LC control number ltf90003137
040 ## - CATALOGING SOURCE
Original cataloging agency DLC
Transcribing agency DLC
Modifying agency DLC
050 00 - LIBRARY OF CONGRESS CALL NUMBER
Classification number 4BJ 359
100 1# - MAIN ENTRY--PERSONAL NAME
Personal name Krause, Charlotte.
245 13 - TITLE STATEMENT
Title An interpretation of Jain ethics.
260 ## - PUBLICATION, DISTRIBUTION, ETC.
Place of publication, distribution, etc. Bhavnagar (Kathiawar)
Name of publisher, distributor, etc. P. Ved,
Date of publication, distribution, etc. 1929.
300 ## - PHYSICAL DESCRIPTION
Extent 37 p.

No items available.

Powered by Koha